| 000 | 00612cam a2200169 i 4500 | ||
|---|---|---|---|
| 005 | 20260120105303.0 | ||
| 008 | 250721s1992 jo gr 000 0 ara d | ||
| 082 | 1 | 4 |
_a324.256404 _bص ل ا |
| 100 | 1 |
_aالزغول، ساطع _eمؤلف. |
|
| 245 | 1 | 2 |
_aالتنظيمات الصهوينة والأحزاب الإسرائيلية : _bالنشأة والتطور / _cساطع الزغول. |
| 264 | 3 | 1 |
_aعمان : _bمؤسسة البلسم، _c1992. |
| 300 | _a144 صفحه. | ||
| 650 | 1 | 7 | _aالأحزاب السياسية. |
| 650 | 1 | 7 | _aإسرائيل. |
| 942 |
_2ddc _cBK |
||
| 999 |
_c17418 _d17418 |
||